| 000 | 00000nam 2200000za 4500 |
| 001 | 9.817070 |
| 003 | CaOODSP |
| 005 | 20221107142407 |
| 007 | cr ||||||||||| |
| 008 | 160506s2012 xxc |o f|0| 0 fre d |
| 040 | |aCaOODSP|bfre |
| 043 | |an-cn--- |
| 086 | 1 |aPE2-18/2012F-PDF |
| 110 | 1 |aCanada.|bTribunal de la protection des fonctionnaires divulgateurs Canada. |
| 245 | 10|aÉnoncé sur les conférences de gestion de l'instance et les conférences préparatoires |h[ressource électronique]. |
| 260 | |a[Ottawa] : |bTribunal de la protection des fonctionnaires divulgateurs Canada, |c2012. |
| 300 | |a5 p. |
| 500 | |aMars 2012. |
| 500 | |aPubli. aussi en anglais sous le titre : Statement on case management and pre-hearing conferences. |
| 692 | 07|2gccst|aMéthodologie |
| 775 | 08|tStatement on case management and pre-hearing conferences |w(CaOODSP)9.817067 |
| 856 | 40|qPDF|s337 Ko|uhttps://publications.gc.ca/collections/collection_2016/tpfdc-psdptc/PE2-18-2012-fra.pdf |